Statistics for Countries with Highest Murder Rates

Click here to take the quiz!

General Stats

  • This quiz has been taken 50 times
  • The average score is 14 of 20

Answer Stats

Rate Country % Correct
27.9Colombia
92%
62.0Venezuela
92%
64.2El Salvador
90%
24.6Brazil
90%
84.6Honduras
85%
31.2Guatemala
83%
34.4Belize
81%
17.2Panama
79%
33.0South Africa
77%
36.1Jamaica
69%
33.6Saint Kitts and Nevis
63%
21.1Dominica
60%
17.4Dominican Republic
60%
21.6Saint Lucia
58%
29.8Bahamas
56%
25.9Trinidad and Tobago
54%
25.6Saint Vincent and the Grenadines
54%
38.0Lesotho
42%
17.4Swaziland
42%
17.2Namibia
23%

Score Distribution

Percentile by Number Answered

Percent of People with Each Score

Your Score History

You have not taken this quiz